| 000 | 00709cam a22002653a 4500 | ||
|---|---|---|---|
| 001 | 32154 | ||
| 003 | PGUSA | ||
| 005 | 20140828083709.0 | ||
| 008 | 100427s2010||||xxu|||||s|||||000 1 eng d | ||
| 040 |
_aPGUSA _beng |
||
| 042 | _adc | ||
| 050 | 4 | _aPS | |
| 100 | 1 |
_aDick, Philip K., _d1928-1982 |
|
| 245 | 1 | 4 |
_aThe Variable Man _h[electronic resource] / _cPhilip K. Dick |
| 260 |
_bProject Gutenberg, _c2010 |
||
| 506 | _aPublic domain in the USA. | ||
| 516 | _aElectronic text | ||
| 653 | _aScience fiction | ||
| 653 | _aWar stories | ||
| 653 | _aWeapons -- Fiction | ||
| 700 | 1 | _aEbel, Alex | |
| 830 | 0 |
_aProject Gutenberg _v32154 |
|
| 856 | 4 | 0 | _uhttp://www.gutenberg.org/ebooks/32154 |
| 942 | _cEB | ||
| 999 |
_c261409 _d261409 |
||